| 000 | 00859nam a2200205Ia 4500 | ||
|---|---|---|---|
| 001 | 16225 | ||
| 003 | GE_BSU | ||
| 008 | 181216s||||||||xx |||||||||||||| ||und|| | ||
| 020 | _a9789941918919 | ||
| 040 | _cGE_BSU | ||
| 080 | _a37.016:808.1(072) | ||
| 100 | _aთოფაძე,ქეთევან. | ||
| 245 | _aწერითი მეტყველების სწავლების სტრატეგიები. | ||
| 250 | _aმასწავლებლის ბიბლიოთეკა სასწავლო სტრატეგიები სკოლაში | ||
| 300 | _bბიბლიოგრ.გვ:46 | ||
| 541 | _h10ლ. | ||
| 653 | _aპედაგოგიკა | ||
| 653 | _aწერითი მეტყველების სწავლების სტრატეგიები. | ||
| 942 | _cBK | ||
| 999 |
_c49309 _d49309 |
||